| 000 -LEADER |
| fixed length control field |
00684nam a22000977a 4500 |
| 008 - FIXED-LENGTH DATA ELEMENTS--GENERAL INFORMATION |
| fixed length control field |
160217b xxu||||| |||| 00| 0 eng d |
| 100 ## - MAIN ENTRY--AUTHOR'S NAME |
| Author's Name |
Ahman, Sven |
| 245 ## - TITLE STATEMENT |
| Title |
Den gula treskillingen |
| 260 ## - PUBLICATION, DISTRIBUTION, ETC. (IMPRINT) |
| Place of publication, distribution, etc. |
Malmo, [Sweden] |
| Name of publisher, distributor, etc. |
R.M. Skogs Forlag AB |
| Date of publication, distribution, etc. |
1975 |
| 650 ## - TOPICAL TERM (Tag) |
| Topical term or geographic name |
Sweden | 1855 | 19th Century | Production | Errors and Varieties | Color | Printing | Yellow Three Skilling Banco Issue | 3 Skilling Banco Issue | First Issues | Classic Issues | Definitive Issues | Rare Issues and Covers | Famous Stamps and Collections | Collections | Stamps -- Histories | Philately -- History | Collectors | Collecting -- Identification | Expertizing | Experts | 8 Skilling Banco Issue | Eight Skilling Banco Issue |